LEADER 01149nam0-22003251i-450- 001 990001851650403321 005 20080221154425.0 035 $a000185165 035 $aFED01000185165 035 $a(Aleph)000185165FED01 035 $a000185165 100 $a20030910d2000----km-y0itay50------ba 101 0 $aita 200 1 $aCaratterizzazione e cartografia dei pascoli di una Malga alpina (Malga Juribello - Trento)$fDiego Orlandi, Fabrizio Clementel, Fabrizio Scartezzini, Antonio Floris 210 $aVillazzano di Trento$cISAFA$d2000 215 $a24 p.$d30 cm 225 1 $aComunicazioni di ricerca$fIstituto sperimentale per l'assestamento forestale e per l'alpicoltura$v2000-1 610 0 $aPascoli 676 $a634.99 702 1$aClementel,$bFabrizio 702 1$aFloris,$bAntonio 702 1$aOrlandi,$bDiego 702 1$aScartezzini,$bFabrizio 801 0$aIT$bUNINA$gRICA$2UNIMARC 901 $aBK 912 $a990001851650403321 952 $a60 634.95 A 3/00-1$b7977$fFAGBC 959 $aFAGBC 996 $aCaratterizzazione e cartografia dei pascoli di una Malga alpina (Malga Juribello - Trento$9413825 997 $aUNINA LEADER 02054nas 2200613-a 450 001 996210230103316 005 20231101151331.0 011 $a1946-3170 035 $a(OCoLC)50709793 035 $a(CKB)962824934099 035 $a(CONSER)--2002227149 035 $a(DE-599)ZDB2067674-8 035 $a(EXLCZ)99962824934099 100 $a20021002a19749999 s-- a 101 0 $aeng 135 $auran||||||||| 181 $ctxt$2rdacontent 182 $cc$2rdamedia 183 $acr$2rdacarrier 200 10$aMELUS /$fSociety for the Study of the Multi-Ethnic Literature of the United States 210 $aLos Angeles $cSociety for the Study of the Multi-Ethnic Literature of the United States$d1974- 300 $aPlace of publication varies; Storrs, CT, <2009->. 300 $aTitle from title screen (viewed Oct. 2, 2002). 311 $a0163-755X 517 3 $aMulti-ethnic literature of the United States 606 $aAmerican Literature$2ebps 606 $aEthnic & Cultural Studies$2ebps 606 $aLittérature$2rasuqam 606 $aLittérature américaine$2rasuqam 606 $aMinorité ethnique$2rasuqam 606 $aMulticulturalisme$2rasuqam 606 $aSociété multiethnique$2rasuqam 607 $aUnited States$vLiteratures$xHistory and criticism$vPeriodicals 607 $aÉtats-Unis$xLittératures$xHistoire et critique$vPériodiques 607 $aUnited States$2fast 607 $aÉtats-Unis$2rasuqam 608 $aLiteratures. 608 $aCriticism, interpretation, etc.$2fast 608 $aLiteratures.$2fast 608 $aPeriodicals.$2fast 608 $aPeriodicals.$2lcgft 615 7$aAmerican Literature. 615 7$aEthnic & Cultural Studies. 615 7$aLittérature. 615 7$aLittérature américaine. 615 7$aMinorité ethnique. 615 7$aMulticulturalisme. 615 7$aSociété multiethnique. 676 $a808 712 02$aMELUS. 906 $aJOURNAL 912 $a996210230103316 996 $aMelus$91059782 997 $aUNISA